Sports Quiz

Random Sports or Baseball Quiz
Score 0/67 Timer 10:00
0 Plays Today
Hits Name % Correct
262Ichiro Suzuki
100%
242Ichiro Suzuki
100%
238Ichiro Suzuki
100%
225Ichiro Suzuki
100%
224Ichiro Suzuki
100%
214Ichiro Suzuki
100%
213Ichiro Suzuki
100%
212Ichiro Suzuki
100%
208Ichiro Suzuki
100%
206Ichiro Suzuki
100%
216Derek Jeter
99.6%
214Derek Jeter
99.6%
212Derek Jeter
99.6%
206Derek Jeter
99.6%
202Derek Jeter
99.6%
201Derek Jeter
99.6%
216Todd Helton
98.2%
209Todd Helton
98.2%
205Miguel Cabrera
97.4%
201Melky Cabrera
97.1%
212Jimmy Rollins
95.8%
213Dustin Pedroia
94.7%
206Vladimir Guerrero
94.7%
206Vladimir Guerrero
94.7%
200Vladimir Guerrero
94.7%
221Michael Young
92.5%
217Michael Young
92.5%
216Michael Young
92.5%
213Michael Young
92.5%
204Michael Young
92.5%
201Michael Young
92.5%
212Jacoby Ellsbury
92.3%
212Albert Pujols
91.6%
203Ryan Braun
91.6%
Hits Name % Correct
203Chase Utley
90.3%
204Robinson Cano
90.1%
200Robinson Cano
90.1%
201Alex Rodriguez
87.6%
214Miguel Tejada
87.2%
204Miguel Tejada
87.2%
203Miguel Tejada
87.2%
212Hanley Ramirez
86.8%
204Jose Reyes
86.5%
213Adrian Gonzalez
83.9%
221Juan Pierre
80.8%
204Juan Pierre
80.8%
204Juan Pierre
80.8%
202Juan Pierre
80.8%
216Magglio Ordonez
80.1%
201Garret Anderson
79.9%
209Alfonso Soriano
79.2%
200Adrian Beltre
77.9%
240Darin Erstad
77.3%
216Matt Holliday
77%
204Bernie Williams
76.6%
214Johnny Damon
75.3%
207Starlin Castro
72.6%
206Bret Boone
71.5%
215Vernon Wells
70%
206Mike Sweeney
69.1%
200Freddy Sanchez
62%
200Jose Vidro
61.6%
206Rich Aurilia
55.8%
200Placido Polanco
53%
201Jack Wilson
46.4%
202Shannon Stewart
30.7%
208Mark Loretta
29.4%
Remove Ads.
Support Sporcle.
Get the best of Sporcle when you Go Orange. This ad-free experience offers more features, more stats, and more fun while also helping to support Sporcle. Thank you for becoming a member.

You're not logged in!

Compare scores with friends on all Sporcle quizzes.
OR
Log In

Show Comments

Extras

Top Quizzes Today


Score Distribution

Your Account Isn't Verified!

In order to create a playlist on Sporcle, you need to verify the email address you used during registration. Go to your Sporcle Settings to finish the process.

Report this User

Report this user for behavior that violates our Community Guidelines.

Details: